|
|
|
|
| LEADER |
02717nam a2200697 i 4500 |
| 001 |
nkc20193156472 |
| 003 |
CZ PrNK |
| 005 |
20230322105243.0 |
| 007 |
ta |
| 008 |
191031s2019 xr ab e 001 0 cze |
| 015 |
|
|
|a cnb003156472
|
| 020 |
|
|
|a 978-80-255-1132-9
|q (vázáno)
|
| 035 |
|
|
|a (OCoLC)1130277715
|
| 040 |
|
|
|a OLA001
|b cze
|e rda
|
| 041 |
1 |
|
|a cze
|h dut
|
| 043 |
|
|
|a x------
|
| 072 |
|
7 |
|a 904
|x Kulturní památky historického období obecně
|2 Konspekt
|9 8
|
| 080 |
|
|
|a 904
|2 MRF
|
| 080 |
|
|
|a 502.21(1-751.4)
|2 MRF
|
| 080 |
|
|
|a 72:904
|2 MRF
|
| 080 |
|
|
|a 913:338.483.1
|2 MRF
|
| 080 |
|
|
|a (100)
|2 MRF
|
| 080 |
|
|
|a (048.8)
|2 MRF
|
| 080 |
|
|
|a (084.12)
|2 MRF
|
| 100 |
1 |
|
|a Maass, Winfried,
|d 1928-
|7 jn20010309669
|4 aut
|
| 240 |
1 |
0 |
|a Wereld wonderen.
|l Česky
|
| 245 |
1 |
0 |
|a 100 pokladů naší planety.
|p Divy světa /
|c text: Winfried Maass, Nicolaus Neumann, Hans Oberländer, Jörn Voss, Anne Benthues ; z nizozemského originálu Wereld wonderen přeložila Martina Vojtová
|
| 246 |
3 |
|
|a Sto pokladů naší planety
|
| 246 |
3 |
0 |
|a Divy světa
|
| 250 |
|
|
|a 7., aktualizované vydání
|
| 264 |
|
1 |
|a Praha :
|b Rebo International CZ,
|c 2019
|
| 300 |
|
|
|a 256 stran :
|b barevné ilustrace, mapy ;
|c 32 cm
|
| 336 |
|
|
|a text
|b txt
|2 rdacontent
|
| 336 |
|
|
|a statický obraz
|b sti
|2 rdacontent
|
| 337 |
|
|
|a bez média
|b n
|2 rdamedia
|
| 338 |
|
|
|a svazek
|b nc
|2 rdacarrier
|
| 500 |
|
|
|a V roce 2022 dotisk
|
| 500 |
|
|
|a Obsahuje rejstřík
|
| 650 |
0 |
7 |
|a kulturní památky
|7 ph115033
|z země světa
|2 czenas
|
| 650 |
0 |
7 |
|a přírodní památky
|7 ph137870
|z země světa
|2 czenas
|
| 650 |
0 |
7 |
|a architektonické památky
|7 ph118585
|z země světa
|2 czenas
|
| 650 |
0 |
7 |
|a turistické zajímavosti
|7 ph126800
|z země světa
|2 czenas
|
| 650 |
0 |
9 |
|a cultural monuments
|z countries of the world
|2 eczenas
|
| 650 |
0 |
9 |
|a natural monuments
|z countries of the world
|2 eczenas
|
| 650 |
0 |
9 |
|a architectural monuments
|z countries of the world
|2 eczenas
|
| 650 |
0 |
9 |
|a tourist sights
|z countries of the world
|2 eczenas
|
| 655 |
|
7 |
|a přehledy
|7 fd133202
|2 czenas
|
| 655 |
|
7 |
|a fotografické publikace
|7 fd132276
|2 czenas
|
| 655 |
|
9 |
|a surveys
|2 eczenas
|
| 655 |
|
9 |
|a photographical works
|2 eczenas
|
| 700 |
1 |
|
|a Neumann, Nicolaus
|4 aut
|
| 700 |
1 |
|
|a Oberländer, Hans
|4 aut
|
| 700 |
1 |
|
|a Voss, Jörn
|4 aut
|
| 700 |
1 |
|
|a Benthues, Anne
|7 xx0015747
|4 aut
|
| 700 |
1 |
|
|a Vojtová, Martina
|7 jn20010309670
|4 trl
|
| 910 |
2 |
|
|a BOA001
|b 4-1434.951
|
| 990 |
|
|
|a BK
|
| 995 |
|
|
|a 01
|
| 991 |
|
|
|b 201911
|c NOV
|
| 996 |
6 |
|
|b 2610803797
|c 4-1434.951
|l MZK
|r Sklad / do 1 hodiny
|n 1
|p p.v.
|w 001765194
|u 000010
|a 1
|e BOA001
|j MZK50
|s P
|
| 996 |
6 |
|
|b 2610808418
|c 4-1434.951
|l MZK
|r HSS 5p
|n 0
|p kup
|h 904 MAA
|w 001765194
|u 000020
|a 0
|e BOA001
|j MZK50
|s P
|